00317nam a22001097a 4500008004100000082002100041245008600062260002100148300001100169942001200180999001500192230623b xxu||||| |||| 00| 0 eng d a330.96bGOK 2003 aEconomic Recovery Strategy for Wealth Creation and Employment Creationb2003-2007 aKenyabGOKc2003 aIV,40p 2ddccBK c2549d2549